Регионална библиотека "Любен Каравелов" - Русе

Втората световна война 1939 - 1945 (Запис номер 56460)

MARC детайли
000 -Лидер
Контролно поле с фиксирана дължина 01563nam a2200325 c 4500
003 - Код на организацията, давaща контролен номер
Контролно поле BLK
005 - Дата и час на последна редакция
Контролно поле 20220616144810.0
008 - Елементи от данни с фиксирана дължина
fixed length control field 180408b bul|||||r ||||||| ||bul||
010 ## - Наследен системен номер
LC control number KNG00060441000
040 ## - Източник на каталожния запис
Идентификатор на билиотеката - собственик на записа BLK
041 ## - Код за език
Код за езика на текст/звукозапис или на отделно заглавие Български
Код за езика КДБФ Български
080 ## - УДК
Текстов определител УДК Втора световна война
УДК код - определител по УДК 94(100)"1939/1945"
УДК - код + определител 94(100)"1939/1945"
139 ## - Редно поле
Редна дума Втората световна война 1939 - 1945
Авторски знак Вс - В 88
245 10 - Сведения за заглавието
Заглавие Втората световна война 1939 - 1945
Подзаглавни данни Кратка история
Редно поле (дума) ред. кол. Павел Андреевич Жилин; прев. Ани Банчева.
257 ## - Страна на издаване
Страна на създаване/издаване Сборници - Свят
260 ## - Област на издателските данни
Име на издателя, разпространителя и проч. Партиздат
Година на издаване 1985
300 ## - Физическа характеристика
Страници 696 с., 50 л.
Илюстрации и др. ил., портр., к.
Размери/Мащаб 25 см
380 ## - Жанр
Жанр История
500 ## - Общи забележки
Забележка Ориг. загл. Вторая мировая война. - Други прев. Л. Младенов, Ст. Даковска. - Кн. е съвместен труд на учени от НРБ, ГДР, МНР, ПНР, СРР, СССР, УНР и ЧСР. - 10 110 тир. - Библиогр. под линия ; Именен показалец.
650 #4 - Допълнително описание по предмет – тема
Основно описание – тема или топоним Втора световна война
9 (RLIN) 266732
653 ## - Ключова дума – ненормативна
Ключова дума Втора световна война
653 ## - Ключова дума – ненормативна
Ключова дума история
700 1# - Други автори (авторска отговорност)
Лично име Жилин, Павел Андреевич
Автороска отговорност (Описва отношението между автора и произведението) ред. кол.
9 (RLIN) 369329
700 1# - Други автори (авторска отговорност)
Лично име Банчева, Ани
Автороска отговорност (Описва отношението между автора и произведението) прев.
9 (RLIN) 286892
852 ## - Местоположение
Форматна сигнатура Цб 134956
856 4# - Електронен адрес и достъп
Електронен формат pdf - файл
856 4# - Електронен адрес и достъп
Електронен формат pdf - файл
999 ## - СИСТЕМНИ КОНТРОЛНИ НОМЕРА
Koha biblionumber 56460
Koha biblioitemnumber 56460
942 ## - АРТИКУЛИ
Вид на библиотечния материал Книги
Скрит в OPAC Не
Koha issues (borrowed), all copies 6
Периодичен библиозапис Да
944 ## - СЪЗДАВАНЕ И РЕДАКЦИЯ на ЗАПИСА
Създаване/Редакция Създаване
Дата на регистрацията/редакция 13.06.2004
Служител, извършил регистрацията/редакцията Людмила_Стоянова
944 ## - СЪЗДАВАНЕ И РЕДАКЦИЯ на ЗАПИСА
Създаване/Редакция Редакция
Дата на регистрацията/редакция 05.09.2008
999 ## - СИСТЕМНИ КОНТРОЛНИ НОМЕРА
Koha biblioitemnumber 56460
Наличности
Код за отписване Код за изгубен артикул Източник на класификационната схема Код за повреда Коз за рестрикции Код за отдаване Артикулен № Име на библиотеката - собственик Име на библиотеката, в която се намира в момента Статус (Текущо местоположение) Дата на вписване в системата Местоположение - отдел Цена в лева Инвентарен номер Систематично азбучна сигнатура Баркод Номер на екземпляра Цена в евро Служебна бележка Служебен тип на артикула
  Не е изгубен Universal Decimal Classification Не е повреден без рестрикции ползва се в читалня 89624 Регионална библиотека "Любен Каравелов" Русе Регионална библиотека "Любен Каравелов" Русе Хранилище 1985-01-01 Хранилище 7.66 429076 Цб 134956 120000429076 1 3.92 Дост: Dp Вид: Д N: стар фонд Дата: 01.01.1985 Книги
Изтеглен Не е изгубен Universal Decimal Classification Не е повреден без рестрикции заемане за дома 89625 Регионална библиотека "Любен Каравелов" Русе Регионална библиотека "Любен Каравелов" Русе Заемна - подръчен фонд 1985-01-01 Заемна - подръчен фонд 7.66 429423 94(100) "1939/1945"/В 88 429423 2 3.92 Дост: Pk Вид: Ф N: стар фонд Дата: 01.01.1985 Дата инв: 07.02.2018 Бележки инв: П2018 Книги
Vip Innovations Ltd, Rousse, Bulgaria 2025